Statistiques concernant Dates - Les unités allemandes et italiennes

Cliquez ici pour prendre le quiz!

Statistiques générales

  • Ce quiz a été pris 73 fois
  • Le résultat moyen est 5 sur 18

Statistiques - réponses

EvènementPrécisionDate% Correct
Printemps des peuplesAnnée1848
100%
Accords de PlombièresAnnée1858
69%
Les comptés de Nice et de la Savoie deviennent françaisAnnée1860
49%
Création de la Confédération d'Allemagne du NordAnnée1867
35%
Sacre de Victor Emmanuel II roi d'ItalieJour, mois et année17 mars 1861
20%
Napoléon III est fait prisonnierJour, mois et année2 septembre 1870
20%
Proclamation de la IIIème République, exil de Napoléon IIIJour, mois et année4 septembre 1870
20%
Traité de FrancfortJour, mois et année10 mai 1871
16%
Proclamation de l'Empire AllemandJour, mois et année18 janvier 1871
16%
Napoléon III déclare la guerre à la PrusseJour, mois et année19 juillet 1870
16%
Victor Emmanuel II et Garibaldi se rencontrent, union du Nord et SudJours, mois et année26 octobre 1860
16%
Riposte autrichienne à Sadowa (défaite)Jour, mois et année3 juillet 1866
16%
Armistice entre la France, l'Autriche et le Piémont-SardaigneMois et annéeJuillet 1859
16%
Capitulation de Napoléon IIIJour, mois et année1 septembre 1870
14%
Paix signée entre la France, l'Autriche et le Piémont-SardaigneMois et annéeDécembre 1859
12%
Fin du siègJour, mois et année28 janvier 1871
10%
Invasion de l'Holstein par la PrusseJour, mois et année7 juin 1866
10%
Siège de Paris par la PrusseJour, mois et année20 septembre 1870
8%

Distribution des résultats

Percentile par nombre de réponses

% des personnes avec chaque résultat

Votre développement - résultats

Vous n’avez pas pris ce quiz